[Event "Hastings Masters 2025-26"]
[Site "Hastings ENG"]
[Date "2025.12.30"]
[Round "4.5"]
[White "Ghimpu, Samuel-Timotei"]
[Black "Kuru, Atilla"]
[Result "1-0"]
[WhiteTitle "IM"]
[BlackTitle "IM"]
[WhiteElo "2428"]
[BlackElo "2449"]
[WhiteFideId "1238175"]
[BlackFideId "51607948"]
[EventDate "2025.12.28"]

1. Nf3 d5 2. g3 Nd7 3. c4 dxc4 4. Qc2 Nb6 5. Na3 g6 6. Nxc4 Bg7 7. Bg2 Nf6 8.
O-O O-O 9. Re1 c5 10. d3 Nbd5 11. a3 b6 12. Bd2 Bb7 13. Rad1 Rc8 14. Bh3 Nd7 15.
e4 Nc7 16. Bc3 Nb5 17. Bxg7 Kxg7 18. b4 e6 19. a4 Nd4 20. Qb2 Qf6 21. Nxd4 Qxd4
22. Qxd4+ cxd4 23. Nd6 Rb8 24. f4 a5 25. bxa5 bxa5 26. Rc1 Ba6 27. Rc7 Rfd8 28.
Bf1 Nc5 29. e5 Nxd3 30. Rd1 Nb4 31. Bxa6 Nxa6 32. Rxf7+ Kg8 33. Ra7 Ra8 34. Rxa8
Rxa8 35. Rxd4 Nb4 36. Ne4 Nd5 37. Ng5 Re8 38. Nxe6 Nc3 39. Rc4 1-0

[Event "Hastings Masters 2025-26"]
[Site "Hastings ENG"]
[Date "2025.12.30"]
[Round "4.6"]
[White "Kovchan, Alexander"]
[Black "Grutter, Tim"]
[Result "1/2-1/2"]
[WhiteTitle "GM"]
[BlackTitle "IM"]
[WhiteElo "2447"]
[BlackElo "2397"]
[WhiteFideId "14103052"]
[BlackFideId "1057472"]
[EventDate "2025.12.28"]

1. e4 e5 2. Nf3 Nc6 3. Bb5 a6 4. Ba4 Nf6 5. O-O d6 6. Re1 Bd7 7. c3 g6 8. d4 Bg7
9. h3 O-O 10. Bc2 Re8 11. a4 exd4 12. cxd4 Nb4 13. Nc3 Nxc2 14. Qxc2 Qc8 15. Bf4
b5 16. e5 dxe5 17. dxe5 Bf5 18. Qc1 Nd7 19. axb5 Nc5 20. Qe3 Nd3 21. Re2 axb5
22. Rd1 Nxf4 23. Qxf4 c6 24. g4 Be6 25. Ne4 Ra4 26. Rd4 Rxd4 27. Nxd4 Qc7 28. g5
h5 29. Nf6+ Bxf6 30. gxf6 Kh7 31. Nf3 Bd5 32. Ng5+ Kg8 33. b4 Qd7 34. Re1 Qf5
35. Qxf5 gxf5 36. Ra1 f4 37. Ra7 Kf8 38. Rc7 Rxe5 39. Rc8+ Re8 40. Nh7+ Kg8 41.
Rxe8+ Kxh7 42. h4 Kg6 43. Kf1 Bf3 44. Ke1 Kxf6 45. Kd2 Kf5 46. Rg8 Ke4 47. Rf8
f5 48. Rd8 Bg2 1/2-1/2

[Event "Hastings Masters 2025-26"]
[Site "Hastings ENG"]
[Date "2025.12.30"]
[Round "4.7"]
[White "Vaddhireddy, Sai"]
[Black "Golding, Alex"]
[Result "0-1"]
[BlackTitle "IM"]
[WhiteElo "1960"]
[BlackElo "2370"]
[WhiteFideId "499560"]
[BlackFideId "427241"]
[EventDate "2025.12.28"]

1. d4 Nf6 2. c4 e6 3. g3 d5 4. Bg2 Be7 5. Nf3 O-O 6. O-O Ne4 7. Nc3 Nc6 8. Nxe4
dxe4 9. Ne5 Nxd4 10. Bxe4 f5 11. Bg2 Bf6 12. Nf3 Nc6 13. Qc2 Qe7 14. Bd2 e5 15.
e4 g6 16. Bc3 f4 17. h3 Bg7 18. Rab1 Qc5 19. g4 Qxc4 20. b3 Qf7 21. Rfd1 h6 22.
Rd5 Qe7 23. b4 a6 24. a4 Be6 25. Rd2 b5 26. Bf1 Rab8 27. Qb2 Bf6 28. axb5 axb5
29. Rc1 Qg7 30. Ra1 Rb6 31. Ra3 g5 32. Ne1 Nd4 33. Bxd4 exd4 34. Nc2 d3 0-1

[Event "Hastings Masters 2025-26"]
[Site "Hastings ENG"]
[Date "2025.12.30"]
[Round "4.8"]
[White "Hu, Junyan"]
[Black "Badacsonyi, Stanley"]
[Result "0-1"]
[BlackTitle "FM"]
[WhiteElo "1862"]
[BlackElo "2317"]
[WhiteFideId "343401260"]
[BlackFideId "486973"]
[EventDate "2025.12.28"]

1. e4 e5 2. Nf3 Nc6 3. Bc4 Nf6 4. Ng5 d5 5. exd5 Na5 6. Bb5+ c6 7. dxc6 bxc6 8.
Bd3 Nd5 9. Nf3 Bd6 10. Nc3 O-O 11. Be2 Nxc3 12. bxc3 e4 13. Nd4 Qf6 14. Nb3 Nb7
15. a4 Rd8 16. a5 Be5 17. Bb2 Be6 18. a6 Nd6 19. Nc5 Bd5 20. Nb7 e3 21. f3 Qh4+
22. g3 Bxg3+ 0-1

[Event "Hastings Masters 2025-26"]
[Site "Hastings ENG"]
[Date "2025.12.30"]
[Round "4.9"]
[White "Southcott-Moyers, Indy"]
[Black "Sulskis, Sarunas"]
[Result "1/2-1/2"]
[WhiteTitle "FM"]
[BlackTitle "GM"]
[WhiteElo "2266"]
[BlackElo "2475"]
[WhiteFideId "488542"]
[BlackFideId "12800112"]
[EventDate "2025.12.28"]

1. d4 Nf6 2. c4 e6 3. Nf3 Nc6 4. Nc3 Bb4 5. Bd2 Bxc3 6. Bxc3 Ne4 7. Rc1 d6 8. e3
e5 9. Be2 O-O 10. O-O a5 11. Be1 Bg4 12. h3 Bh5 13. d5 Nb8 14. Nd2 Bxe2 15. Qxe2
Nxd2 16. Bxd2 Nd7 17. e4 Nc5 18. f3 b6 19. Be3 f5 20. Bxc5 bxc5 21. exf5 Rxf5
22. Rc3 Rf4 23. Re3 Qg5 24. Re4 h5 25. Qd2 a4 26. Qc2 Qg6 27. b3 Raf8 28. Qe2 a3
29. Qe3 Qg3 30. Qe2 g5 31. Rxf4 Rxf4 32. Qc2 Kg7 33. Qc1 Rd4 34. Qc2 Qf4 35. Rf2
Qe3 36. Kh2 Rd3 37. b4 Rd4 38. bxc5 dxc5 39. Qa4 Rf4 40. Rc2 Rf7 41. Qe8 g4 42.
hxg4 hxg4 43. fxg4 Qh6+ 44. Kg1 Qe3+ 45. Kh2 Qf4+ 46. g3 Qe4 47. Rg2 Qe3 48. Qe6
Qe4 49. g5 Qh7+ 50. Qh6+ Qxh6+ 51. gxh6+ Kxh6 52. Re2 Rf3 53. Kh3 Rc3 54. Rxe5
Rxc4 55. Re7 Rd4 56. Rxc7 Rxd5 57. Ra7 Rd3 58. Rc7 Rc3 59. Kg4 Kg6 60. Rc6+ Kf7
61. Kf5 Rc2 62. g4 Ke7 63. g5 Kd7 64. Ra6 Rxa2 65. g6 Rf2+ 66. Ke5 Ke7 67. Rxa3
Kf8 68. Ra7 c4 69. Kd4 Rf4+ 70. Kc3 1/2-1/2

[Event "Hastings Masters 2025-26"]
[Site "Hastings ENG"]
[Date "2025.12.30"]
[Round "4.10"]
[White "Vaidyanathan, Adithya"]
[Black "Gormally, Daniel W"]
[Result "1/2-1/2"]
[BlackTitle "GM"]
[WhiteElo "2189"]
[BlackElo "2396"]
[WhiteFideId "495450"]
[BlackFideId "406465"]
[EventDate "2025.12.28"]

1. d4 Nf6 2. c4 g6 3. Nc3 Bg7 4. e4 d6 5. Nf3 O-O 6. h3 Na6 7. Be3 e5 8. d5 b6
9. Nd2 Nd7 10. g4 Ndc5 11. a3 f5 12. exf5 gxf5 13. b4 e4 14. Qc2 f4 15. Bxc5
bxc5 16. b5 Nb4 17. axb4 cxb4 18. Ndxe4 bxc3 19. f3 a6 20. Bd3 Rb8 21. h4 axb5
22. cxb5 Qe7 23. Kf1 Bd7 24. Re1 Bxb5 25. Bxb5 Rxb5 26. Nxc3 Qxe1+ 27. Kxe1
Bxc3+ 28. Qxc3 Rb1+ 29. Kd2 Rxh1 30. Qxc7 Re8 31. Qxd6 Rh2+ 32. Kc3 Re3+ 33. Kb4
Rb2+ 34. Kc5 Rc2+ 35. Kd4 Rd2+ 36. Kc4 Rc2+ 37. Kb5 Rb3+ 38. Ka4 Rb7 39. Qe6+
Kg7 40. Qe5+ Kg8 41. Qg5+ Kh8 42. Qf6+ Kg8 43. Qe6+ Kg7 44. d6 Rcb2 45. Ka3 R2b5
46. Ka4 Rb4+ 47. Ka3 1/2-1/2

[Event "Hastings Masters 2025-26"]
[Site "Hastings ENG"]
[Date "2025.12.30"]
[Round "4.11"]
[White "Mazur, Stefan"]
[Black "Balaji, Aaravamudhan"]
[Result "0-1"]
[WhiteTitle "IM"]
[BlackTitle "IM"]
[WhiteElo "2392"]
[BlackElo "2270"]
[WhiteFideId "14909332"]
[BlackFideId "436224"]
[EventDate "2025.12.28"]

1. e4 e5 2. Nf3 Nc6 3. Bb5 a6 4. Ba4 Nf6 5. O-O Be7 6. d3 b5 7. Bb3 d6 8. c3 O-O
9. Nbd2 Nb8 10. Re1 Nbd7 11. Nf1 c6 12. Ng3 Re8 13. d4 Bf8 14. dxe5 Nxe5 15. Nd4
c5 16. Ndf5 Be6 17. Bc2 Ng6 18. h4 h6 19. h5 Ne5 20. Bf4 Qb6 21. Ne3 Qb7 22.
Bxe5 dxe5 23. Qf3 Nh7 24. Ngf5 Ng5 25. Qg3 Rad8 26. Ng4 Rd2 27. Rac1 Bxf5 28.
exf5 f6 29. c4 bxc4 30. Ne3 e4 31. Nxc4 Rd4 32. Bb3 Kh8 33. Ne3 Bd6 34. Qg4 a5
35. Nc4 Bb8 36. f4 e3 37. Rxe3 Rxe3 38. Nxe3 Bxf4 39. Re1 Re4 40. Qd1 Qe7 41.
Qd5 Qe8 42. Qxe4 Qxe4 43. Nc2 Qc6 44. Re7 c4 45. Nd4 Qc5 0-1

[Event "Hastings Masters 2025-26"]
[Site "Hastings ENG"]
[Date "2025.12.30"]
[Round "4.12"]
[White "Kalavannan, Koby"]
[Black "Hobson, Kenneth"]
[Result "0-1"]
[WhiteTitle "FM"]
[BlackTitle "FM"]
[WhiteElo "2275"]
[BlackElo "2264"]
[WhiteFideId "425753"]
[BlackFideId "480819"]
[EventDate "2025.12.28"]

1. Nf3 Nf6 2. c4 e6 3. b3 d5 4. Bb2 Be7 5. g3 O-O 6. Bg2 c5 7. cxd5 exd5 8. d4
Nc6 9. O-O Ne4 10. dxc5 Bxc5 11. Nc3 Nxc3 12. Bxc3 d4 13. Bb2 Re8 14. Rc1 Bb6
15. Rc4 Bg4 16. h3 Bxf3 17. exf3 d3 18. Qa1 f6 19. Rg4 Kh8 20. Re4 Rxe4 21. fxe4
Qd6 22. Kh2 d2 23. f4 Rd8 24. Bf3 Qd3 25. Bg4 Bd4 26. Bxd4 Nxd4 27. Rf2 Nc2 28.
Qh1 Ne3 29. Bd1 Qb1 30. Qf3 Qxd1 31. Qxe3 Qe1 0-1

[Event "Hastings Masters 2025-26"]
[Site "Hastings ENG"]
[Date "2025.12.30"]
[Round "4.13"]
[White "Herzwurm, Robert"]
[Black "Swiatkowski, Aram"]
[Result "1-0"]
[WhiteElo "2047"]
[BlackElo "1843"]
[WhiteFideId "4668570"]
[BlackFideId "343415210"]
[EventDate "2025.12.28"]

1. e4 e6 2. d4 d5 3. e5 c5 4. c3 Nc6 5. Nf3 Qb6 6. Bd3 cxd4 7. O-O Bd7 8. Re1
Nge7 9. h4 h6 10. Nbd2 dxc3 11. bxc3 Na5 12. c4 dxc4 13. Bxc4 Bc6 14. Ba3 Nf5
15. Rb1 Qd8 16. Bxf8 Kxf8 17. Qc1 g5 18. hxg5 hxg5 19. Ne4 g4 20. Nfg5 g3 21.
Rd1 gxf2+ 22. Kxf2 Qe7 23. Rh1 Kg7 24. Qf4 Qa3 25. Nxe6+ fxe6 26. Qg5+ Kf7 27.
Qxf5+ 1-0

[Event "Hastings Masters 2025-26"]
[Site "Hastings ENG"]
[Date "2025.12.30"]
[Round "4.14"]
[White "Skytte, Rasmus"]
[Black "Martin, Nils"]
[Result "0-1"]
[WhiteTitle "IM"]
[BlackTitle "FM"]
[WhiteElo "2354"]
[BlackElo "2222"]
[WhiteFideId "1404210"]
[BlackFideId "45160473"]
[EventDate "2025.12.28"]

1. e4 e5 2. Nf3 Nc6 3. Bb5 a6 4. Ba4 Nf6 5. O-O b5 6. Bb3 Bb7 7. d3 Bc5 8. Nc3
O-O 9. Nd5 h6 10. a4 d6 11. Be3 Ba7 12. Nxf6+ Qxf6 13. Bd5 b4 14. a5 Nd8 15. d4
exd4 16. Nxd4 Bxd5 17. exd5 Qe5 18. Nf3 Qxb2 19. Bxa7 Rxa7 20. Nd4 Qc3 21. Re1
g6 22. Qg4 Qc4 23. Rad1 c5 24. dxc6 Nxc6 25. Qf4 Nxd4 26. Rxd4 Qxc2 27. Qxh6 Qc3
28. Red1 Re7 29. g3 Re1+ 30. Rxe1 Qxd4 31. h4 Qc3 32. Re3 Qc2 33. Qf4 Qd1+ 34.
Kh2 Rb8 35. Re7 Qd5 36. Rd7 b3 37. Rxd6 Qb5 38. Rd1 b2 39. Rb1 Re8 40. Qd4 Re2
41. g4 Qb3 42. Qd8+ Kh7 43. Qf6 Qe6 44. Qxe6 fxe6 45. Kg3 Kg7 46. Kf3 Rc2 47.
Ke3 Kf6 48. f4 Rh2 49. Ke4 Re2+ 50. Kf3 Rc2 51. Ke3 Rc3+ 52. Kd2 Rb3 53. h5 gxh5
54. gxh5 Rh3 55. Rxb2 Rxh5 56. Ke3 Rxa5 57. Rb8 Ra4 58. Rf8+ Ke7 59. Rb8 a5 60.
Rb5 Kf6 61. Rc5 Ra1 62. f5 exf5 63. Kf4 Ra4+ 64. Kf3 Ke6 65. Rb5 Ra1 66. Kf4 a4
67. Rb6+ Kd5 68. Kxf5 Rf1+ 69. Kg4 Kc4 70. Kg3 a3 71. Ra6 Kb3 72. Rb6+ Ka2 73.
Kg2 Rf5 74. Rb8 Ka1 75. Rb7 a2 76. Rb8 Rc5 77. Kf2 Rc2+ 78. Ke3 Rb2 79. Rh8 Rb3+
80. Kd4 Kb2 81. Rh2+ Ka3 0-1

[Event "Hastings Masters 2025-26"]
[Site "Hastings ENG"]
[Date "2025.12.30"]
[Round "4.15"]
[White "Verbytski, Oleg"]
[Black "Ashton, Adam G"]
[Result "1/2-1/2"]
[BlackTitle "FM"]
[WhiteElo "2039"]
[BlackElo "2247"]
[WhiteFideId "495506"]
[BlackFideId "410110"]
[EventDate "2025.12.28"]

1. e4 c5 2. Nf3 d6 3. d4 cxd4 4. Nxd4 Nf6 5. Nc3 Nc6 6. Be2 g6 7. Be3 Bg7 8. Qd2
Ng4 9. Bxg4 Bxg4 10. f3 Be6 11. Nce2 Qa5 12. c3 Bc4 13. b3 Bxe2 14. Nxe2 O-O 15.
Rc1 Rfc8 16. O-O b5 17. Nf4 Qd8 18. Rfd1 Ne5 19. Nd5 e6 20. Nf4 Bf8 21. Ne2 a5
22. Nd4 b4 23. c4 Qe8 24. Qe2 d5 25. exd5 exd5 26. Bf4 Bg7 27. Nb5 Qe6 28. cxd5
Nxf3+ 29. Qxf3 Qb6+ 30. Qe3 Qxb5 31. Rxc8+ Rxc8 32. d6 Qd7 33. h3 Bf6 34. Kh1 h5
35. Qb6 Rc3 36. Bh2 Bd8 37. Qf2 Qf5 38. Qe2 Qd7 39. Re1 Bf6 40. Rd1 Rc5 41. Qf2
Rf5 42. Qc2 Kg7 43. Qc7 Qb5 44. Qc1 1/2-1/2

[Event "Hastings Masters 2025-26"]
[Site "Hastings ENG"]
[Date "2025.12.30"]
[Round "4.16"]
[White "Demac, Elias"]
[Black "Woods, Yannick"]
[Result "1-0"]
[WhiteElo "2230"]
[BlackElo "2023"]
[WhiteFideId "1505807"]
[BlackFideId "2518384"]
[EventDate "2025.12.28"]

1. d4 d5 2. c4 e6 3. Nf3 Nf6 4. g3 Be7 5. Bg2 O-O 6. O-O dxc4 7. Qc2 b5 8. a4 b4
9. Qxc4 Ba6 10. Qc2 Nbd7 11. Ne5 Nxe5 12. dxe5 Nd5 13. Rd1 Qc8 14. e4 Nb6 15. b3
Rd8 16. Rxd8+ Qxd8 17. Be3 Nd7 18. f4 Nc5 19. Nd2 Qd3 20. Qxd3 Nxd3 21. Bf1 Rd8
22. Bxa7 Bb7 23. Be3 g5 24. a5 gxf4 25. gxf4 Ba6 26. Rd1 Ra8 27. Kg2 Bc5 28.
Bxd3 Bxe3 29. Bxa6 Rxa6 30. Nc4 Bc5 31. Rd8+ Kg7 32. f5 Ra7 33. Rd7 exf5 34.
exf5 c6 35. e6 Kf8 36. e7+ Ke8 37. Rxa7 Bxa7 38. f6 1-0

[Event "Hastings Masters 2025-26"]
[Site "Hastings ENG"]
[Date "2025.12.30"]
[Round "4.17"]
[White "Kendall, Arthur"]
[Black "Bryant, Harry"]
[Result "0-1"]
[BlackTitle "CM"]
[WhiteElo "2000"]
[BlackElo "2207"]
[WhiteFideId "343410960"]
[BlackFideId "489158"]
[EventDate "2025.12.28"]

1. d4 Nf6 2. Nf3 g6 3. c4 Bg7 4. Nc3 O-O 5. e4 d6 6. Be2 Na6 7. O-O e5 8. Be3
Qe7 9. Nd5 Nxd5 10. cxd5 exd4 11. Bxd4 Qxe4 12. Bxg7 Kxg7 13. Bxa6 bxa6 14. Re1
Qf4 15. Rc1 Bg4 16. Qd4+ Qxd4 17. Nxd4 Rfe8 18. Rxe8 Rxe8 19. h3 Re4 20. Rc4 Be2
21. Ra4 Bd3 22. f3 Re5 23. Ra5 Bc4 24. b3 Rxd5 25. Ra4 Rxd4 26. bxc4 d5 27. Rxa6
Rxc4 28. Kf2 c5 29. Rxa7 Rc2+ 30. Ke3 Rxg2 31. a4 Ra2 32. a5 Ra3+ 33. Ke2 d4 34.
a6 c4 35. Rc7 Ra2+ 36. Kd1 Rxa6 37. Rxc4 Rf6 38. Ke2 Rf4 39. Rc1 Rh4 40. Rd1
Rxh3 41. Rxd4 Rg3 42. Kf2 Rg5 43. Ra4 h5 44. Rb4 Rc5 45. Ra4 g5 46. Kg3 Rc3 47.
Ra5 Kg6 48. Ra6+ f6 49. Kg2 g4 50. fxg4 hxg4 51. Ra5 f5 52. Ra6+ Kg5 53. Ra8
Rc2+ 54. Kg1 f4 55. Ra5+ Kh4 56. Ra4 f3 57. Ra3 Kg3 58. Ra1 Kh3 59. Ra8 Rg2+ 60.
Kh1 Rb2 61. Kg1 g3 62. Rh8+ Kg4 63. Rg8+ Kf4 64. Rf8+ Ke3 65. Re8+ Kd2 66. Rd8+
Ke1 67. Re8+ Re2 68. Rf8 f2+ 69. Kh1 g2+ 0-1

[Event "Hastings Masters 2025-26"]
[Site "Hastings ENG"]
[Date "2025.12.30"]
[Round "4.18"]
[White "Finn, Peter"]
[Black "Ashton, Alannah"]
[Result "1-0"]
[WhiteTitle "CM"]
[BlackTitle "WCM"]
[WhiteElo "2200"]
[BlackElo "1983"]
[WhiteFideId "432156"]
[BlackFideId "480681"]
[EventDate "2025.12.28"]

1. e4 c5 2. Nf3 d6 3. d4 cxd4 4. Nxd4 Nf6 5. f3 e5 6. Nb3 Be6 7. c4 Nc6 8. Be3
Be7 9. Nc3 O-O 10. Bd3 Ne8 11. Qd2 Nb4 12. O-O Nxd3 13. Qxd3 Bg5 14. Nd5 f5 15.
Bxg5 Qxg5 16. f4 Qh4 17. fxe5 fxe4 18. Qxe4 Rxf1+ 19. Rxf1 Qd8 20. Nd4 Qd7 21.
exd6 Bf7 22. Qe7 1-0

[Event "Hastings Masters 2025-26"]
[Site "Hastings ENG"]
[Date "2025.12.30"]
[Round "4.19"]
[White "Dewangan, Aayush"]
[Black "Zhang, Junyi"]
[Result "0-1"]
[BlackTitle "CM"]
[WhiteElo "1981"]
[BlackElo "2172"]
[WhiteFideId "469700"]
[BlackFideId "494437"]
[EventDate "2025.12.28"]

1. e4 c5 2. Nf3 e6 3. d4 cxd4 4. Nxd4 Nf6 5. Nc3 Nc6 6. Ndb5 Bc5 7. Bf4 O-O 8.
Bc7 Qe7 9. Bd6 Bxd6 10. Qxd6 Qd8 11. O-O-O a6 12. Nd4 Ne7 13. h4 b5 14. a3 Bb7
15. f3 Ne8 16. Qh2 Rc8 17. g4 Nf6 18. h5 h6 19. Rg1 Qc7 20. Qxc7 Rxc7 21. Bd3 e5
22. Nde2 Nh7 23. f4 exf4 24. Nxf4 Ng5 25. Nfd5 Bxd5 26. exd5 d6 27. Rgf1 Nc8 28.
Rde1 Nb6 29. Rf4 Ra8 30. Re3 Kf8 31. Kd2 Nd7 32. a4 bxa4 33. Nxa4 Ne5 34. b3 f6
35. Nb6 Raa7 36. Bf5 Rab7 37. Na4 Rb5 38. c4 Rb8 39. Kc3 Rcb7 40. Bc2 Ke7 41.
Bd1 Nh7 42. Rf2 Nf8 43. Kd4 Nd7 44. Rb2 Rb4 45. Ree2 Kd8 46. Red2 Kc7 47. Nc3
Nc5 48. Rf2 Ned3 49. Na2 Nxf2 50. Rxf2 Nxb3+ 51. Kc3 R4b7 52. Re2 Nc5 53. Bc2
Kd8 54. Bg6 Re7 55. Rxe7 Kxe7 56. Nb4 Na4+ 57. Kb3 a5 58. Kxa4 Rxb4+ 59. Kxa5
Rxc4 60. Bf5 Rc5+ 0-1

[Event "Hastings Masters 2025-26"]
[Site "Hastings ENG"]
[Date "2025.12.30"]
[Round "4.20"]
[White "Blanquet, Camille"]
[Black "Ward, Cian"]
[Result "0-1"]
[WhiteTitle "WFM"]
[WhiteElo "2132"]
[BlackElo "1947"]
[WhiteFideId "36037354"]
[BlackFideId "475599"]
[EventDate "2025.12.28"]

1. d4 e6 2. c4 Nf6 3. Nc3 Bb4 4. e3 c5 5. Ne2 cxd4 6. exd4 d5 7. c5 O-O 8. a3
Bxc3+ 9. Nxc3 b6 10. Bg5 bxc5 11. dxc5 Qc7 12. Qd4 Nc6 13. Qf4 Qxf4 14. Bxf4 d4
15. Na4 e5 16. Bd2 e4 17. Bf4 d3 18. b4 Nd4 19. O-O-O Nd5 20. Be5 Nb5 21. f3 f5
22. Re1 Re8 23. Bb2 Bd7 24. Kd2 Nxa3 25. Bxa3 Bxa4 26. g4 Bb5 27. fxe4 fxe4 28.
Bg2 e3+ 29. Rxe3 Nxe3 30. Bxa8 Nc4+ 31. Kc3 Rxa8 32. Bc1 Ne5 33. h3 Rd8 34. Bg5
Rd7 35. Bf4 Nf3 36. Bd6 d2 37. Rf1 Bxf1 0-1

[Event "Hastings Masters 2025-26"]
[Site "Hastings ENG"]
[Date "2025.12.30"]
[Round "4.21"]
[White "Rastogi, Nayan Keats"]
[Black "Hill, Alistair"]
[Result "0-1"]
[WhiteElo "1939"]
[BlackElo "2104"]
[WhiteFideId "343407579"]
[BlackFideId "432407"]
[EventDate "2025.12.28"]

1. e4 c6 2. d4 d5 3. e5 c5 4. dxc5 e6 5. a3 Bxc5 6. Nf3 f6 7. b4 Be7 8. Bb2 a5
9. bxa5 Nc6 10. c4 fxe5 11. cxd5 exd5 12. Nxe5 Nf6 13. Bb5 Qd6 14. a6 O-O 15.
axb7 Bxb7 16. Nxc6 Bxc6 17. Bxc6 Qxc6 18. O-O Ne4 19. Nd2 Rxf2 20. Qg4 Rxf1+ 21.
Rxf1 Nf6 22. Bxf6 Bxf6 23. Kh1 Rxa3 24. Qb4 Ra8 25. Nf3 Qc4 26. Qxc4 dxc4 27.
Rc1 Ra1 28. Rxa1 Bxa1 29. Kg1 Kf7 30. Kf2 Ke6 31. Ng5+ Kd5 32. Nxh7 c3 33. Ke2
Kc4 34. Ng5 Bb2 35. Ne4 c2 36. Nd2+ Kb4 0-1

[Event "Hastings Masters 2025-26"]
[Site "Hastings ENG"]
[Date "2025.12.30"]
[Round "4.22"]
[White "Fryer, David W"]
[Black "Rida, Ruqayyah"]
[Result "1-0"]
[BlackTitle "WFM"]
[WhiteElo "1902"]
[BlackElo "2068"]
[WhiteFideId "406384"]
[BlackFideId "343272375"]
[EventDate "2025.12.28"]

1. b3 Nf6 2. Bb2 g6 3. e3 Bg7 4. Nf3 O-O 5. c4 c5 6. Qc2 Nc6 7. a3 d6 8. Nc3 Rb8
9. h3 a6 10. Be2 Ne8 11. O-O Nc7 12. Rfd1 e5 13. d3 b5 14. Nd5 Nxd5 15. cxd5 Ne7
16. e4 a5 17. Nd2 f5 18. b4 fxe4 19. dxe4 axb4 20. axb4 c4 21. Nf3 h6 22. Bc1 g5
23. Be3 Ng6 24. Nh2 Nf4 25. Bf1 Qf6 26. Ra3 Qg6 27. f3 h5 28. g4 hxg4 29. hxg4
Bb7 30. Qd2 Bf6 31. Bg2 Rf7 32. Nf1 Qh6 33. Ng3 Rh7 34. Nf5 Qh2+ 35. Kf1 Be7 36.
Bg1 Qxg2+ 37. Qxg2 Nxg2 38. Nxe7+ Rxe7 39. Kxg2 Kg7 40. Be3 Kf6 41. Rh1 Rg7 42.
Ra5 Bc8 43. Rh8 Rg6 44. Ra7 Rb7 45. Ra6 Rc7 46. Rxd6+ Kg7 47. Rdd8 1-0

[Event "Hastings Masters 2025-26"]
[Site "Hastings ENG"]
[Date "2025.12.30"]
[Round "4.23"]
[White "Patel, Zain"]
[Black "Shankar, Yashwardhan"]
[Result "1/2-1/2"]
[WhiteElo "2058"]
[BlackElo "1886"]
[WhiteFideId "469246"]
[BlackFideId "2411067"]
[EventDate "2025.12.28"]

1. Nf3 Nf6 2. d4 g6 3. c4 Bg7 4. Nc3 O-O 5. e4 d6 6. Be2 e5 7. dxe5 dxe5 8. Qxd8
Rxd8 9. Bg5 Re8 10. Nd5 Nxd5 11. cxd5 c6 12. Bc4 cxd5 13. Bxd5 Na6 14. Nd2 Nc7
15. Bb3 Be6 16. O-O Bxb3 17. Nxb3 Ne6 18. Be3 Nd4 19. Rad1 Red8 20. Kh1 Rac8 21.
Rc1 b6 22. Rfd1 Rxc1 23. Rxc1 Nxb3 24. axb3 f5 25. g3 1/2-1/2

[Event "Hastings Masters 2025-26"]
[Site "Hastings ENG"]
[Date "2025.12.30"]
[Round "4.24"]
[White "Siddharth, Gopakumar"]
[Black "Brown, Thomas"]
[Result "1/2-1/2"]
[WhiteElo "1864"]
[BlackElo "2082"]
[WhiteFideId "5053463"]
[BlackFideId "1801430"]
[EventDate "2025.12.28"]

1. e4 c6 2. d4 d5 3. Nc3 dxe4 4. Nxe4 Nf6 5. Nxf6+ exf6 6. Be3 Na6 7. a3 Nc7 8.
c4 Be7 9. Bd3 O-O 10. Ne2 f5 11. Qc2 g6 12. O-O Bf6 13. Rad1 Ne6 14. Qb3 Qc7 15.
d5 cxd5 16. cxd5 f4 17. Bd2 f3 18. gxf3 Ng5 19. Be4 Nh3+ 20. Kg2 Be5 21. f4
Nxf4+ 22. Nxf4 Bxf4 23. Bxf4 Qxf4 24. Bb1 b6 25. Qf3 Qh4 26. Qg3 Qf6 27. Qc3
Qxc3 28. bxc3 Ba6 29. Rfe1 Rfd8 30. Re7 Kf8 31. Rc7 Rdc8 32. Rxc8+ Rxc8 33. d6
Bc4 34. Be4 Be6 35. Bb7 Rd8 36. Kf3 Kg7 37. Kf4 Kf6 38. h4 h6 39. Rd4 g5+ 40.
hxg5+ hxg5+ 41. Ke4 Bh3 42. Ba6 Bg2+ 43. Ke3 Bc6 44. Bc4 Rd7 45. Bf1 Ke5 46. f4+
gxf4+ 47. Rxf4 Kxd6 48. Bc4 Bd5 49. Bb5 Re7+ 50. Kd4 Re1 51. Rf6+ Be6 52. c4 Ra1
53. Rf3 Rd1+ 54. Kc3 Kc5 55. Be8 Rd8 56. Bxf7 Rf8 57. Bh5 Rxf3+ 58. Bxf3 Bxc4
59. Bh5 b5 60. Be8 a5 61. Bxb5 Bxb5 1/2-1/2

[Event "Hastings Masters 2025-26"]
[Site "Hastings ENG"]
[Date "2025.12.30"]
[Round "4.25"]
[White "Sivanandan, Bodhana"]
[Black "Liu, Yiyi"]
[Result "1-0"]
[WhiteTitle "WIM"]
[WhiteElo "2229"]
[BlackElo "1791"]
[WhiteFideId "497592"]
[BlackFideId "8617171"]
[EventDate "2025.12.28"]

1. e4 e6 2. d4 d5 3. Nd2 dxe4 4. Nxe4 Be7 5. Nf3 Nf6 6. Nxf6+ Bxf6 7. c3 b6 8.
Bd3 Bb7 9. O-O O-O 10. Bf4 Nd7 11. Qe2 c5 12. Bd6 Be7 13. Bxe7 Qxe7 14. Be4 Bxe4
15. Qxe4 Nf6 16. Qe2 cxd4 17. Nxd4 Qc5 18. Rad1 Rfd8 19. Rfe1 Rd5 20. Nb3 Qc7
21. Rxd5 Nxd5 22. Rd1 Rd8 23. Qd3 Rd7 24. Qf3 h6 25. h3 Nf6 26. Rxd7 Qxd7 27.
Nd4 Qd5 28. Qxd5 Nxd5 29. g3 Kf8 30. Kf1 Ke8 31. Nc6 a5 32. Ke2 f6 33. Nd4 Kd7
34. Kd3 Ne7 35. Nc2 Nf5 36. a4 e5 37. b4 Kc6 38. Na1 Nd6 39. Nb3 Nb7 40. g4 Kd5
41. Nd2 Nd6 42. f3 g6 43. Ne4 Ne8 44. c4+ Kc6 45. b5+ Kc7 46. c5 f5 47. cxb6+
Kxb6 48. Nd2 Kc5 49. Nc4 e4+ 50. fxe4 fxe4+ 51. Kc3 Nf6 52. Nxa5 Nd5+ 53. Kd2 h5
54. g5 e3+ 55. Kd3 Nf4+ 56. Kxe3 Nxh3 57. Nc4 Nxg5 58. b6 Kc6 59. a5 Ne6 60. a6
Nc5 61. a7 Kb7 62. Nd6+ Ka8 63. Ne8 1-0

[Event "Hastings Masters 2025-26"]
[Site "Hastings ENG"]
[Date "2025.12.30"]
[Round "4.26"]
[White "Manmay Chopra"]
[Black "Dupuis, Denis K"]
[Result "1-0"]
[WhiteTitle "CM"]
[WhiteElo "2170"]
[BlackElo "2045"]
[WhiteFideId "25649191"]
[BlackFideId "452980"]
[EventDate "2025.12.28"]

1. Nf3 f5 2. g3 d6 3. d4 Nf6 4. Bg2 g6 5. b4 Bg7 6. Bb2 O-O 7. c4 Nbd7 8. Qb3 h6
9. Nc3 c6 10. O-O Kh7 11. Rad1 Qc7 12. d5 c5 13. a3 a6 14. Rc1 Nb6 15. Nd2 Bd7
16. e3 Rac8 17. b5 Ng4 18. a4 a5 19. h3 Ne5 20. Nd1 Rce8 21. f4 Nf7 22. Bxg7
Kxg7 23. e4 h5 24. exf5 Bxf5 25. Ne3 Nh6 26. Nf3 e6 27. Ng5 exd5 28. Nxd5 Nxd5
29. Bxd5 Ng8 30. Rce1 Qd7 31. Qc3+ Nf6 32. Kh2 Rxe1 33. Rxe1 Re8 34. Qxa5 Nxd5
35. cxd5 Rxe1 36. Qxe1 Qd8 37. Kg2 Qf6 38. Kf3 b6 39. g4 hxg4+ 40. hxg4 Bc8 41.
Ne4 Qd4 42. Qc3 Bb7 43. Qxd4+ cxd4 44. Nxd6 Bxd5+ 45. Ke2 Be6 46. Kd3 Kf6 47.
g5+ Ke7 48. Nc4 Bf5+ 49. Kxd4 Bc2 50. Nxb6 1-0